LEADER 00859nam0-22003011i-450 001 990001859800403321 005 20190318114630.0 010 $a88-481-1230-7 035 $a000185980 035 $aFED01000185980 035 $a(Aleph)000185980FED01 035 $a000185980 100 $a20021010d2000----km-y0itay50------ba 101 0 $aita 200 1 $aFitoterapia per tutti i giorni$e50 malattie curabili con rimedi a base di erbe$fFabio Firenzuoli. 210 $aMilano$cTecniche Nuove$d2000 215 $a128 p.$d21 cm 610 0 $aFitoterapia 676 $a615.537 700 1$aFirenzuoli,$bFabio$081698 801 0$aIT$bUNINA$gRICA$2UNIMARC 901 $aBK 912 $a990001859800403321 952 $a60 615.537 FIRF 2000$b8216$fFAGBC 959 $aFAGBC 996 $aFitoterapia per tutti i giorni$9402077 997 $aUNINA DB $aING01 LEADER 01586nam 2200481Ia 450 001 9910699966603321 005 20110201144041.0 035 $a(CKB)5470000002406289 035 $a(OCoLC)699819627 035 $a(EXLCZ)995470000002406289 100 $a20110201d2010 ua 0 101 0 $aeng 135 $aurmn||||||||| 181 $ctxt$2rdacontent 182 $cc$2rdamedia 183 $acr$2rdacarrier 200 00$aARM/GCSS/SPARC TWP-ICE CRM intercomparison study$b[electronic resource] /$fAnn Fridlind ... [and others] 210 1$aGreenbelt, Md. :$cNational Aeronautics and Space Administration, Goddard Space Flight Center,$d[2010] 215 $a1 online resource (24 pages) $cillustrations 225 1 $aNASA/TM ;$v2010-215858 300 $aTitle from title screen (viewed on Feb. 1, 2011). 300 $a"August 2010." 320 $aIncludes bibliographical references (pages 23-24). 606 $aAtmospheric models$2nasat 606 $aClouds (meteorology)$2nasat 606 $aRadiation measurement$2nasat 606 $aTropical regions$2nasat 606 $aTropical meteorology$2nasat 606 $aCloud cover$2nasat 615 7$aAtmospheric models. 615 7$aClouds (meteorology) 615 7$aRadiation measurement. 615 7$aTropical regions. 615 7$aTropical meteorology. 615 7$aCloud cover. 701 $aFridlind$b Ann$01397452 712 02$aGoddard Space Flight Center. 801 0$bGPO 801 1$bGPO 906 $aBOOK 912 $a9910699966603321 996 $aARM$93459105 997 $aUNINA